00453nam a2200145 a 45000010005000000030005000050050017000100080041000270400020000682450076000882600034001643000011001986500042002097100056002514198CDMR20151016124802.0130130s1981||||||||||||||||||||||||||||d aCDMRbcatcCDMR00aChequeo a la radio de Cataluñab: Jornadas sobre radiodifusión 1980 cDL 1981bLíneaa[Barcelona] a159 p.04aRadiodifusiózCatalunyaxCongressos2 aInstituto Oficial de Radio y Televisión (Espanya)